GM trees - flowerless forests. (Record no. 60928)

MARC details
000 -LEADER
fixed length control field 00954cam a2200217 4500
001 - CONTROL NUMBER
control field ABS61217
008 - FIXED-LENGTH DATA ELEMENTS--GENERAL INFORMATION
fixed length control field 000000n1999 000 0 eng u
035 ## - SYSTEM CONTROL NUMBER
System control number (Sirsi) u101815
100 ## - MAIN ENTRY--PERSONAL NAME
Personal name Tickell, O.
245 ## - TITLE STATEMENT
Title GM trees - flowerless forests.
260 ## - PUBLICATION, DISTRIBUTION, ETC.
Date of publication, distribution, etc. 1999
490 ## - SERIES STATEMENT
Series statement Forestry & British Timber
Volume/sequential designation 28(8) September 1999, 36-39(3)
520 ## - SUMMARY, ETC.
Summary, etc. Discusses the development of genetically modified (GM) trees. Trees are being engineered for traits such as herbicide, insect or pest resistance, altered wood qualities or modified reproductive characteristics. To avoid 'genetic pollution' GM trees would have to be sterile, producing no pollen, nectar, seed or fruit, on which other wildlife depends. Environmentalists are concerned about this.
650 ## - SUBJECT ADDED ENTRY--TOPICAL TERM
Topical term or geographic name entry element FORESTRY
650 ## - SUBJECT ADDED ENTRY--TOPICAL TERM
Topical term or geographic name entry element TREES
650 ## - SUBJECT ADDED ENTRY--TOPICAL TERM
Topical term or geographic name entry element GENETICALLY MODIFIED ORGANISMS
650 ## - SUBJECT ADDED ENTRY--TOPICAL TERM
Topical term or geographic name entry element MONSANTO
650 ## - SUBJECT ADDED ENTRY--TOPICAL TERM
Topical term or geographic name entry element TIMBER
690 ## - LOCAL SUBJECT ADDED ENTRY--TOPICAL TERM (OCLC, RLIN)
Topical term or geographic name as entry element ENVIRONMENTAL AND LAND CONSULTANCY
942 ## - ADDED ENTRY ELEMENTS (KOHA)
Suppress in OPAC 0
Holdings
Withdrawn status Lost status Source of classification or shelving scheme Damaged status Not for loan Home library Current library Shelving location Date acquired Total Checkouts Full call number Barcode Date last seen Copy number Price effective from Koha item type
    Dewey Decimal Classification     London London Journal article 11/11/1999   ABS61217 101815-1001 06/08/2019 1 06/08/2019 Journal article